000 00295nam a22001337a 4500
008 181121b xxu||||| |||| 00| 0 eng d
020 _a9780077760250
041 _aeng
080 _a821
100 _a23
101 _aGJU
245 _aLiterature Graft Voice
_cNicholas.D
942 _2udc
_cBK
999 _c52256
_d52256